000 00675nam a2200217Ii 4500
003 JO-AjNU
008 230605s9999||||xx |||||||||||||| ||und||
017 _a1993/9/985
040 _aJO-AjNU
_bara
_erda
_cJO-AjNU
041 _aara
050 1 4 _aPJ7842.H695.S5 1995
100 3 _aتأليف خريس، سميحة,
_eauthor
_949166
245 0 0 _aشجرة الفهود... تقاسيم الحياة: رواية
250 _aط1
264 3 1 _aعمان:دار الزاوية،1993
300 _a343ص
336 _atext
_btxt
_2rdacontent
337 _aunmediated
_bn
_2rdamedia
338 _avolume
_bnc
_2rdacarrier
650 4 _aالأدب العربي - قصص
_949167
999 _aA21578
_c25146
_d25146